Państwa Azji według flagi i pierwszej litery - whammies - Statystyki

Ogólne statystyki
  • Ten quiz został rozwiązany 3 784 razy
  • Średni wynik to 29 z 48
Statystyki odpowiedzi
Obrazkowy Odpowiedź % Poprawnych
Gruzja
67%
Izrael
67%
Cypr
66%
Japonia
66%
Korea Południowa
66%
Nepal
66%
Turcja
66%
Arabia Saudyjska
65%
Chiny
65%
Indie
65%
Kazachstan
65%
Korea Północna
65%
Indonezja
64%
Iran
64%
Katar
64%
Liban
64%
Armenia
63%
Bangladesz
63%
Sri Lanka
63%
Wietnam
63%
Bhutan
62%
Filipiny
62%
Pakistan
62%
Tajlandia
62%
Azerbejdżan
61%
Malezja
61%
Mongolia
61%
Singapur
61%
Afganistan
60%
Irak
60%
Bahrajn
59%
Kambodża
59%
Kirgistan
59%
Laos
58%
Tajwan
58%
Uzbekistan
58%
Turkmenistan
57%
Brunei
56%
Mjanma
56%
Oman
56%
Malediwy
55%
Timor Wschodni
55%
Jordania
54%
Zjednoczone Emiraty Arabskie
54%
Syria
53%
Tadżykistan
53%
Jemen
51%
Kuwejt
51%
Nie znaleziono quizów pasujących do podanych kryteriów
Rozkład punktacji
Procent ludzi z każdym wynikiem
Percentyl według liczby udzielonych odpowiedzi
Twoja historia wyników
Nie rozwiązałeś tego quizu